White dwarfs (Record no. 3764)
[ view plain ]
| 000 -LEADER | |
|---|---|
| fixed length control field | 00812nam a2200217Ia 4500 |
| 003 - CONTROL NUMBER IDENTIFIER | |
| control field | IN-BaIIA |
| 008 - FIXED-LENGTH DATA ELEMENTS--GENERAL INFORMATION | |
| fixed length control field | 211028s9999 xx 000 0 eng d |
| 020 ## - INTERNATIONAL STANDARD BOOK NUMBER | |
| International Standard Book Number | 90-277-0180-6 |
| 040 ## - CATALOGING SOURCE | |
| Transcribing agency | IIA Library |
| 080 ## - UNIVERSAL DECIMAL CLASSIFICATION NUMBER | |
| Universal Decimal Classification number | 082.2:52 |
| Item number | IAU-S42 |
| 111 ## - MAIN ENTRY--MEETING NAME | |
| Meeting name or jurisdiction name as entry element | International Astronomical Union Symposium |
| Number of part/section/meeting | 42th |
| Location of meeting | St. Andrews, Fife, Scotland |
| Date of meeting or treaty signing | 1970 Aug. 11-13 |
| 9 (RLIN) | 6693 |
| 245 #0 - TITLE STATEMENT | |
| Title | White dwarfs |
| Remainder of title | proceedings of IAU symposium no. 42, held at St. Andrews, Fife, Scotland, 11-13 August 1970 |
| Statement of responsibility, etc. | edited by W. J. Luyten |
| 260 ## - PUBLICATION, DISTRIBUTION, ETC. | |
| Place of publication, distribution, etc. | Dordrecht |
| Name of publisher, distributor, etc. | D. Reidel Publishing |
| Date of publication, distribution, etc. | 1971 |
| 300 ## - PHYSICAL DESCRIPTION | |
| Extent | viii, 164p. |
| 490 ## - SERIES STATEMENT | |
| Series statement | IAU Symposium; no. 42 |
| 500 ## - GENERAL NOTE | |
| General note | Sponsored by the International Astronomical Union |
| 650 ## - SUBJECT ADDED ENTRY--TOPICAL TERM | |
| Topical term or geographic name entry element | White dwarfs |
| 9 (RLIN) | 6553 |
| 700 ## - ADDED ENTRY--PERSONAL NAME | |
| Personal name | Luyten, W. J., ed. |
| 9 (RLIN) | 6694 |
| 710 ## - ADDED ENTRY--CORPORATE NAME | |
| Corporate name or jurisdiction name as entry element | International Astronomical Union |
| 942 ## - ADDED ENTRY ELEMENTS (KOHA) | |
| Koha item type | Books |
| Withdrawn status | Lost status | Damaged status | Not for loan | Home library | Current library | Shelving location | Date acquired | Total Checkouts | Full call number | Barcode | Date last seen | Price effective from | Koha item type |
|---|---|---|---|---|---|---|---|---|---|---|---|---|---|
| IIA Library-Bangalore | IIA Library-Bangalore | General Stacks | 17/06/1971 | 082.2:52/ IAU-S42 | 4204 | 05/11/2021 | 17/06/1971 | Books |